000 00349nam a2200145Ia 4500
008 230312s9999||||xx |||||||||||||| ||und||
020 _a0-12560990-6
082 _a621.392
_bPOL-A
100 _aPollock;DSG
245 2 _aA Handbook of time-series analysis
260 _aUK
_c1999
300 _a733
650 _aEngineering
_vAvionics
942 _cBK
999 _c12419
_d12419